000
00248nam a22001217a 4500
082
_a
507.2 NOU'B
100
_a
NOURSE, A.E
_9
56271
245
_a
THE BODY
250
_a
2ND
260
_a
HONG KONG
_b
TIME-LIFE
_c
1981
300
_a
200P
942
_c
BK
999
_c
566739
_d
566739